Induced representations of groups and quantum mechanics /

Guardado en:
Autor Principal: Mackey, George W. 1916-2006.
Formato: Libro
Idioma:English
Publicado: New York : Torino : W. A. Benjamin ; Boringhieri, 1968.
Materias:
Etiquetas: Agregar Etiqueta
Sin Etiquetas, Sea el primero en etiquetar este registro!
LEADER 00645cam a22001931 4500
001 MAT.inmabb007174
008 690203s1968####nyu###########001#0#eng##
005 20190325170524.0
245 1 0 |a Induced representations of groups and quantum mechanics /  |c George W. Mackey. 
260 |a New York :  |b W. A. Benjamin ;  |a Torino :  |b Boringhieri,  |c 1968. 
300 |a viii, 167 p. ;  |c 24 cm. 
510 4 |a MR,  |c 0507212 
100 1 |a Mackey, George W.  |q (George Whitelaw),  |d 1916-2006. 
650 0 |a Quantum theory. 
650 0 |a Representations of groups. 
084 |a 22-01  |2 msc2000 
010 |a  68028139  
040 |a DLC  |c DLC  |d DLC 
859 |p A-9278  |b BIB. MATEMATICA